Monitoring media pluralism in the digital era

Detalles Bibliográficos
Autor principal: Nenadic, Iva
Otros Autores: Cunha, Azevedo, Brogi, Elda, Viola, Mario, Parcu, Pier Luigi, Carlini, Roberta
Formato: eBook
Lenguaje:inglés
Publicado: Bruselas: European Union Publications Office, 2020
Materias:
Acceso en línea:Acceso restringido

MARC

LEADER 00000nam a22000007a 4500
005 20211025220229.0
007 cr|||| ||||
008 211025s2020 eu |||||s|||| 00||0 eng d
020 |a 978-92-9084-887-5 
035 |a 34694 
040 |a vLex 
090 |c 12606  |d 12606 
100 1 |a Nenadic, Iva 
245 1 0 |a Monitoring media pluralism in the digital era  |h [Recurso electrn̤ico] /  |c Iva Nenadic, Azevedo Cunha, Elda Brogi, Mario Viola, Pier Luigi Parcu, Roberta Carlini 
256 |a Servicio en ln̕ea 
260 |a Bruselas:  |b European Union Publications Office,  |c 2020 
300 |a 1 recurso electrn̤ico 
500 |a Application of the media pluralism monitor in the European Union, Albania and Turkey in the years 2018-2019: report 2020. 
506 1 |a Disponible solo en los productos indicados  |d vLex Global  |d vLex Global (Academic Edition, excluding Law Schools)  |d vLex Global (U.S. Academic Edition, Law Schools)  |d vLex Global (U.S. Academic Edition, excluding Law Schools)  |d vLex Global (Academic Edition, Law Schools) 
650 0 4 |a Derecho Comunitario  |z Unin̤ Europea 
650 0 4 |a Derecho de las Nuevas Tecnologa̕s  |z Unin̤ Europea 
700 1 |a Cunha, Azevedo 
700 1 |a Brogi, Elda 
700 1 |a Viola, Mario 
700 1 |a Parcu, Pier Luigi 
700 1 |a Carlini, Roberta 
740 0 |a vLex Libros (Servicio en ln̕ea) 
856 4 0 |u https://app.vlex.com/#/sources/34694  |z Acceso restringido 
942 |c BOOK 
999 0 |a Community Law 
999 0 |a New Technologies Law